000 00402 a2200157 4500
005 20250311134729.0
020 _a0-669-09121-9
082 _a330 GOR
100 _aROBBINS,P.P.
245 _aStudy Guide for Introductory Economics.
250 _a6thEd.
260 _aNew York,
_bD.C.Heath and Company,
_c1987.
300 _aVIII,247P.:Ill.;table.
_c23cm.
700 _aJOHN,A.TRIBBLE.
942 _2ddc
_cBKS
999 _c398
_d398